صحيح مسلم بشرح النووي ; مترجم ;; Saḥiḥ Muslim bi sharḥ al-Nawawī.[translated in urdu] (Record no. 79155)
[ view plain ]
| 000 -LEADER | |
|---|---|
| fixed length control field | 01134cam a2200241K 4500 |
| 003 - CONTROL NUMBER IDENTIFIER | |
| rucl marc code | BD-RjUL |
| 005 - DATE AND TIME OF LATEST TRANSACTION | |
| control field | 20220111160559.0 |
| 008 - FIXED-LENGTH DATA ELEMENTS--GENERAL INFORMATION | |
| fixed length control field | 220107s1941 ii 000 0 urd d |
| 035 ## - SYSTEM CONTROL NUMBER | |
| System control number | (BD-RjUL) |
| 040 ## - CATALOGING SOURCE | |
| Original cataloging agency | CLU |
| Language of cataloging | eng |
| Transcribing agency | CLU |
| Modifying agency | OCLCQ |
| -- | OCLCG |
| 041 ## - LANGUAGE CODE | |
| Language code of text/sound track or separate title | ara |
| 082 ## - DEWEY DECIMAL CLASSIFICATION NUMBER | |
| Edition number | 23 |
| Classification number | 297.12542 |
| Author mark and year | NAS 1941 |
| 100 ## - MAIN ENTRY--PERSONAL NAME | |
| Personal name | Muslim bin Al-Hajjaj Al-Qushayri ;; مسلم بن الحجاج القشيرى |
| 9 (RLIN) | 658 |
| 245 10 - TITLE STATEMENT | |
| Title | صحيح مسلم بشرح النووي ; مترجم ;; Saḥiḥ Muslim bi sharḥ al-Nawawī.[translated in urdu] |
| Statement of responsibility, etc. | Abu al-Husayn Muslim ibn al-Hajjaj al-Qushayri al-Nisaburi. Nawawi, ;; لأبى الحسين مسلم بن الحجاج القشيرى النيسابورى. نووي،, |
| 260 ## - PUBLICATION, DISTRIBUTION, ETC. (IMPRINT) | |
| Place of publication, distribution, etc. | :ديوبند |
| Date of publication, distribution, etc. | Ishaq Siddiqi , |
| Name of publisher, distributor, etc. | 1941 |
| 300 ## - PHYSICAL DESCRIPTION | |
| Pagination | V. ; |
| Size | 24 cm |
| 505 ## - FORMATTED CONTENTS NOTE | |
| Formatted contents note | .v-6-- |
| Formatted contents note | (R)kitab al- jikir , Dua wa Al-tawba wa al-Istigfar , rifaq , tawba , sifat al Munafiqin wa ahkamuhum ,sifat al-qiama wa al-zanazah wa al-nar , al zannat wa sifat nimuha wa ahluha.-- |
| 650 #0 - SUBJECT ADDED ENTRY--TOPICAL TERM | |
| Topical term or geographic name as entry element | Hadith. |
| 9 (RLIN) | 244266 |
| Topical term or geographic name as entry element | Hadith. |
| Source of heading or term | fast |
| 9 (RLIN) | 244266 |
| 700 0# - ADDED ENTRY--PERSONAL NAME | |
| Personal name | Nawawī, |
| Dates associated with a name | 1233-1277. |
| 942 ## - ADDED ENTRY ELEMENTS (KOHA) | |
| Source of classification or shelving scheme | Dewey Decimal Classification |
| Koha item type | Books |
| Lost status | Source of classification or shelving scheme | Damaged status | Not for loan | Collection code | Permanent Location | Current Location | Shelving location | Date acquired | Total Checkouts | Full call number | Date last seen | Copy number | Koha item type |
|---|---|---|---|---|---|---|---|---|---|---|---|---|---|
| Dewey Decimal Classification | Not For Loan | Non-fiction | Central Library, University of Rajshahi | Central Library, University of Rajshahi | Reading Room | 11/01/2022 | U 297.12542 NAS V-5 1941 | 11/01/2022 | C-1 | Books |